1506 1302 1019 1326 1807 1647 1802 1127 1285 1349 1595 1271 1744 1174 1001 1003 1966 1484 1918 1405 1881 1126 1462 1925 1135 1126 1891 1718 1818 1588 1247 1326 1898 1197 1621 1539 1656 1184 1919 1866 1383 1784 1390 1909 1394 1027 1088 1854 1164 1801 1655 1286 1004 1428 1579 1978 1285 1236 1264 1885 1642 1299 1265 1716 1205 1214 1856 1169 1972 1784 1891 1513 1523 1853 1895 1446 1648 1266 1899 1343 1498 1963 1058 1213 1729 1580 1759 1796 1843 1069 1385 1274 1260 1947 1523 1262 1848 1375 1357 BCNSPRNW ULIB Ver.6.0+V

เปลี่ยนเป็นภาษาไทย

Change to English
 แสดงรายละเอียดบรรณานุกรม
  กลับหน้าหลัก

Brief Record : Get Marc (ISO 2709) : E-mail record : QR code < ปิดหน้าต่าง
LEADER : 00000nam 2200000uu 4500
001    13399123833
003     ULIB
008    141202s2556||||th 000 0 tha d
020    ^a9786165516921
060  4 ^aWS200^bจ451น
100    ^aจิตลัดดา ดีโรจนวงศ์
245    ^aแนวทางการดูแลรักษาปัญหาทางระบบหายใจที่พบบ่อยในเด็ก/^cจิตลัดดา ดีโรจนวงศ์
246 0  ^aPractical Approach to common respiratory problems in children
260    ^aบียอนด์ เอ็นเทอร์ไพรซ์ :^bกรุงเทพมหานคร,^c2556
300    ^a348 หน้า
500    ^aCough Chronic Cough Chest Pain Hemoptysis Noisy Breathing Acute Wheezing Recurrent Wheezing Apparent Life Threatening Events Recuurrent Persistent Pneumonia Common Respiratory Diseases
650    ^aปัญหาทางระบบหายใจ
945    ^p350^l0^i22304
945    ^p350^l0^i22305
945    ^p350^l0^i22306
999    ^aทศพร เกษรทอง
รายการนี้ยังไม่มีแท็ก
คุณยังไม่ได้ล็อกอิน คุณสามารถมีกิจกรรมร่วมกับเว็บไซต์ได้ แต่ต้องล็อกอินก่อน ::
  ล็อกอิน

รายการสื่อสารสนเทศ

ลำดับที่ ประเภท เลขเรียก/บาร์โค้ด สถานที่ สถานะ
1. วิทยาศาสตร์การแพทย์ และสุขภาพ
หนังสือสำรอง
สถานะ=หนังสือสำรอง
WS200 จ451น ฉ.1 
  Barcode: 22304
ห้องสมุดวิทยาเขตนครสวรรค์
►หนังสือทั่วไป:l:General Books
บนชั้น
2. วิทยาศาสตร์การแพทย์ และสุขภาพ
วิทยาศาสตร์การแพทย์ และสุขภาพ
สถานะ=หนังสือเก่า
WS200 จ451น ฉ.2 
  Barcode: 22305
ห้องสมุดวิทยาเขตนครสวรรค์
►ส่วนจัดเก็บหนังสือเก่า นว.
บนชั้น
  ขอยืม
3. วิทยาศาสตร์การแพทย์ และสุขภาพ
วิทยาศาสตร์การแพทย์ และสุขภาพ
สถานะ=หนังสือเก่า
WS200 จ451น ฉ.3 
  Barcode: 22306
ห้องสมุดวิทยาเขตนครสวรรค์
►ส่วนจัดเก็บหนังสือเก่า นว.
บนชั้น
  ขอยืม

รายการใกล้เคียง
    ผู้แต่ง [จิตลัดดา ดีโรจนวงศ์]

    หัวเรื่อง [ปัญหาทางระบบหายใจ]

BibComment


ยังไม่เคยถูกคอมเมนท์

คอมเมนท์ทรัพยากรรายการนี้
  คอมเมนท์: แนวทางการดูแลรัก..


 Copyright 2026. Bcnsprnw @Library